Zur Funktion der Verstärkung in Problemlösungsprozessen: Experimentelle Untersuchung zur Einflussnahme verschiedener Rückmeldebedingungen auf das kognitivsoziale Verhalten bei der Lösung komplexer Probleme /

Hlavní autor: Fiedler, Peter, 1945-
Korporativní autor: Universität Münster
Jazyk: Němčina
Vydáno: Münster (Westf.) : P.A. Fiedler, 1975
Fyzický popis: 221 s.
Knihy
Uloženo v:
LEADER 00899nam a22002172a 4500
001 001222868
003 CZ BrMZK
005 20130128123953.0
007 ta
008 120613s1975 gw er 000 0 ger d
040 |a BOA001  |b cze 
100 1 |a Fiedler, Peter,  |d 1945-  |7 hka2011675965  |4 dis 
245 1 0 |a Zur Funktion der Verstärkung in Problemlösungsprozessen:  |b Experimentelle Untersuchung zur Einflussnahme verschiedener Rückmeldebedingungen auf das kognitivsoziale Verhalten bei der Lösung komplexer Probleme /  |c Peter A. Fiedler 
260 |a Münster (Westf.) :  |b P.A. Fiedler,  |c 1975 
300 |a 221 s. 
502 |a Disertace--Universität Münster, Philosophische Fakultät, 1975 
710 2 |a Universität Münster  |7 kn20060323018 
910 |a BOA001  |b 2-0756.555 
990 |a BK 
991 |b 201206 
996 7 |b 2619532388  |c 2-0756.555  |l MZK  |r Sklad / do 1 hodiny  |n 0  |w 001256631  |u 000010  |a 1  |e BOA001  |j MZK50  |s A